000 00478nmm a2200157Ia 4500
008 251105s9999||||xx |||||||||||||||||und||
020 _a9788490646199
041 _aspa
100 _aFlórez Calderón, Blanca Nive
245 0 _aGuía para diseñar una marca
264 _a[Madrid, España] :
_bUniversitat Oberta de Catalunya,
_c2015
300 _a300 páginas
650 _aEconomics and Business
856 _uhttps://public.digitaliapublishing.com/a/37987
942 _cCF
999 _c87736
_d87736